| 000 | 01863nam0a2200325 4500 | ||
|---|---|---|---|
| 001 | RU\NLR\b_ik\113859 | ||
| 005 | 20250616225404.0 | ||
| 035 | _a(NLR Aleph) 002187524 | ||
| 090 |
_a2866967 _c2866967 |
||
| 100 | _a20040623d2003 |||y0rusy50 ca | ||
| 101 | 0 | _aeng | |
| 102 | _aRU | ||
| 105 | _aa ||||||||| | ||
| 200 | 1 |
_aDistribution of temperature and stress in PIK-3 fuel elements with uranium-molybdenum meat and aluminum cladding _fA.N. Erykalov |
|
| 210 |
_aGatchina _cПИЯФ _d2003 |
||
| 215 |
_a20 с. _cил. _d20 |
||
| 225 | 1 |
_aPreprint _fRuss. acad. of sciences, Petersburg nuclear physics inst. _v2524 |
|
| 300 | _aНа обороте тит. л.: Распределение температуры и напряжений в твэле ПИК-3 с уран-молибденовым сердечником и алюминиевой оболочкой / А.Н. Ерыкалов | ||
| 300 | _aНа обл. надзаг. на рус. яз | ||
| 320 | _aРез. на рус. яз | ||
| 320 | _aБиблиогр.: с. 20 (11 назв.) | ||
| 517 | 0 | _aРаспределение температуры и напряжений в твэле ПИК-3 с уран-молибденовым сердечником и алюминиевой оболочкой | |
| 606 | 0 |
_aЯдерные реакторы исследовательские ПИК-3 _xТопливные элементы _xТемпературные режимы _92345317 _3RU\NLR\AUTH\661401576 |
|
| 606 | 0 |
_aПИК-3, исследовательские ядерные реакторы _xТопливные элементы _xТемпературные режимы _92345318 _3RU\NLR\AUTH\661401577 |
|
| 686 | 4 | _aЗ466-042.2-028.3 | |
| 700 | 1 |
_aErykalov _bA. N. _4070 |
|
| 801 | 0 |
_aRU _bNLR _c20040623 _gPSBO |
|
| 942 | _cBOOK | ||
| 980 | _aNB | ||